000 01302nam a2200265 i 4500
003 CSPC
005 20250918151828.0
008 250917s2023 000 0 eng d
020 _a9798862759228
040 _cCSPC
_aCSPC
_beng
_erda
050 4 _aQA76.73.S67
082 0 4 _a005.74
_bJ132m
100 1 _aJackson, Kevin,
_eauthor.
245 1 0 _aMySQL quick guide :
_bcomprehensive guide to MYSQL database, integration and beyond /
_cKevin Jackson.
264 1 _a[Place of Publication not identified] :
_b[Name of Publisher not identified],
_c2023.
300 _a162 pages ;
_c23 cm.
336 _2rdacontent
_atext
337 _2rdamedia
_aunmediated
338 _2rdacarrier
_avolume
505 0 _aIntroduction to MySQL -- Installing MySQL -- MySQL basics -- MySQL data types -- SQL queries -- MySQL indexing and optimization -- Security in MySQL -- Advanced MySQL features -- MySQL and programming languages -- High availability and scalability with MySQL -- Troubleshooting and maintenance in MySQL -- Case studies and best practices MySQL.
650 0 _aMySQL (Computer program language).
650 0 _aDatabase management.
942 _2ddc
_n0
_cBK
_iJ132m
_h005.74
_kGRD
_m2023
999 _c30525
_d30525